[Event "Tata Steel India 2018-Rapid"]
[Site "Kolkata"]
[Date "2018.11.09"]
[Round "2"]
[White "Vidit, Santosh Gujrathi"]
[Black "Nakamura, Hikaru"]
[Result "1/2-1/2"]
[WhiteElo "2702"]
[BlackElo "2746"]
[Annotator "TA"]
[PlyCount "75"]
[EventDate "2018.11.09"]
[EventType "tourn"]
[EventCountry "IND"]
[SourceTitle "playchess.com"]
[Source "ChessBase"]
[SourceQuality "1"]

{[%evp 15,75,11,18,12,18,14,29,18,59,60,81,60,56,63,83,87,85,80,88,87,79,70,76,73,82,79,74,61,61,59,68,68,68,64,68,68,79,79,85,86,94,59,61,61,71,56,66,16,17,0,0,0,0,0,0,0,0,0,0,0,0,0]} 1. d4 Nf6 2. c4 e6 3. Nf3 d5 4. g3 Bb4+ 5. Bd2 Be7 6. Bg2 O-O 7. O-O Nbd7 8. Qc2 {E11: Bogo-Indian} Ne4 {LiveBook: 103 Games} 9. Ne1 $146 ({Predecessor:} 9. Bf4 c6 10. Nc3 g5 11. Be3 Nd6 12. cxd5 exd5 13. Rad1 Re8 14. Bc1 Nb6 15. b3 Bf6 16. Qd2 g4 17. Ne5 Bg7 18. Rfe1 {1-0 (50) Jojua,D (2583)-Le,Q (2727) Abu Dhabi 2018}) 9... Nxd2 10. Nxd2 c6 11. Nd3 f5 12. e3 Nf6 13. b4 {[%cal Bb2b4,Bb4c5][%mdl 32]} a5 14. a3 b6 15. Rfc1 Bd7 16. Nf3 Bd6 17. c5 bxc5 18. bxc5 Bc7 19. Rab1 Qe7 20. Nfe5 Rfb8 21. Rxb8+ (21. Bf3 {seems wilder.} Qe8 22. Be2 g5 23. Kg2 Qd8 24. Bd1) 21... Rxb8 22. Rb1 Qd8 23. Bf3 {[%cal Bg2f3,Bf3d1,Bd1a4][%mdl 32]} Be8 24. Bd1 Ne4 25. Rb2 Ng5 26. Qb1 Nf7 27. Nxf7 Kxf7 28. Ba4 Rxb2 29. Qxb2 Qa8 30. f4 Ke7 31. Ne5 Bxe5 {The position is equal.} 32. dxe5 Qa6 33. Qb8 Qe2 34. Qd6+ Kf7 35. Bxc6 Qe1+ 36. Kg2 {[#] Black must now prevent Bxe8+.} Qe2+ 37. Kg1 {Threatens to win with Bxe8+.} Qe1+ 38. Kg2 {Precision: White = 56%, Black = 64%.} 1/2-1/2

[Event "Tata Steel India 2018-Rapid"]
[Site "Kolkata"]
[Date "2018.11.09"]
[Round "2"]
[White "Ganguly, Surya Shekhar"]
[Black "So, Wesley"]
[Result "1/2-1/2"]
[WhiteElo "2615"]
[BlackElo "2765"]
[Annotator "TA"]
[PlyCount "105"]
[EventDate "2018.11.09"]
[EventType "tourn"]
[EventCountry "IND"]
[SourceTitle "playchess.com"]
[Source "ChessBase"]
[SourceQuality "1"]

{[%evp 14,105,3,5,13,15,20,19,20,18,20,20,20,18,25,-31,14,0,11,0,0,0,0,0,0,0,0,0,8,10,17,0,4,0,0,0,0,-35,-37,-56,-75,-70,-29,-113,-102,-220,-130,-150,-17,-23,0,0,0,0,0,0,0,0,0,0,0,0,0,0,0,0,0,0,0,0,0,0,0,0,0,0,0,0,8,8,8,8,8,0,0,0,0,0,0,0,0,0,0,0]} 1. e4 e5 2. Nf3 Nc6 3. Bc4 Bc5 4. c3 Nf6 5. d3 O-O 6. b4 Be7 7. Nbd2 {C54: Giuoco Piano: 4 c3 Nf6, main lines with 5 d4 and 5 d3} d5 8. Bb3 {LiveBook: 10 Games} Be6 (8... dxe4 9. dxe4 Qd3 10. Bb2 a5 11. Bc4 Qd6 12. b5 Nd8 13. a4 Ne6 14. Qc2 Nd7 15. O-O Nf4 16. g3 {½-½ (16) Rapport,R (2719)-Kravtsiv,M (2654) Abu Dhabi 2018}) 9. O-O dxe4 10. dxe4 Bxb3 11. Qxb3 Qd3 $146 ({Predecessor:} 11... b5 12. Re1 Qd7 13. Nf1 Qg4 14. h3 Qg6 15. Ng3 {1-0 (55) Guedira,A (1804)-Fayolle,G (1742) Montigny le Bretonneux 2017}) 12. Re1 b5 13. a4 a6 14. Nf1 (14. h3 $11) 14... h6 ({Avoid the trap} 14... Nxe4 $2 15. Re3 $18) (14... Nd4 $5 15. Nxd4 exd4 $11) 15. Bb2 Rfd8 16. a5 Qd7 ({But not} 16... Nxe4 $2 17. Rad1 $18) 17. Rad1 Qe8 18. Qc2 Rxd1 19. Rxd1 Rd8 20. Rxd8 Qxd8 21. Ne3 Qd7 22. h3 Qe6 23. Bc1 Nb8 24. Bd2 c5 25. bxc5 Bxc5 26. c4 {[#] Strongly threatening cxb5.} b4 $1 27. Nd5 Nc6 28. Qb1 (28. Ne1 $1 $11) 28... Qd6 $17 29. Nh4 (29. Ne1 $17 {is a better defense.}) 29... g6 (29... Nxd5 $19 30. exd5 Nxa5) 30. Nf3 {[%cal Bh4f3,Bf3e1,Be1d3][%mdl 32]} Kh7 (30... Nxd5 $17 31. cxd5 Nxa5) 31. Ne1 $1 $11 Nxd5 (31... Kg7 {seems wilder.} 32. Nd3 Nxe4 33. Bxb4 Bxb4 34. N3xb4 Nd2) 32. cxd5 {The position is equal.} Nxa5 33. Nd3 {[%cal Rd2b4]} Nc4 34. Bxb4 Bxb4 35. Qxb4 Qxb4 36. Nxb4 {[%mdl 4096] Endgame KN-KN} a5 {[%cal Ba6a5,Ba5a4,Ba4a3][%mdl 32]} 37. Na2 a4 38. f3 f5 39. Kf2 Kg7 40. Ke2 $1 Kf6 41. Kd3 Nd6 42. Nc3 a3 43. Kc2 Nc4 {With the idea ...Ne3+.} 44. Kb3 Ne3 45. g4 Nf1 46. gxf5 gxf5 47. Kxa3 {next Nb1 is good for White.} Nd2 48. exf5 Kxf5 49. Kb4 Nxf3 50. Kc5 e4 51. d6 {[#] Black must now prevent d7.} Ne5 52. Kd4 e3 53. Kxe3 {Precision: White = 50%, Black = 62%.} 1/2-1/2

[Event "Tata Steel India 2018-Rapid"]
[Site "Kolkata"]
[Date "2018.11.09"]
[Round "3"]
[White "Mamedyarov, Shakhriyar"]
[Black "Ganguly, Surya Shekhar"]
[Result "1-0"]
[WhiteElo "2817"]
[BlackElo "2615"]
[Annotator "TA"]
[PlyCount "61"]
[EventDate "2018.11.09"]
[EventType "tourn"]
[EventCountry "IND"]
[SourceTitle "playchess.com"]
[Source "ChessBase"]
[SourceQuality "1"]

{[%evp 18,61,50,54,102,102,134,117,96,110,148,135,149,157,137,127,153,148,146,139,147,114,148,152,211,218,206,124,130,99,115,111,233,229,233,231,452,465,465,465,465,465,425,425,417,412]} 1. c4 e5 2. g3 Nf6 3. Bg2 c6 4. Nf3 e4 5. Nd4 d5 6. cxd5 cxd5 7. d3 Bc5 8. Nb3 Bb6 9. O-O O-O 10. Nc3 {[%cal Rd3e4] LiveBook: 4 Games} Bf5 {A23: English Opening: 1...e5 2 Nc3 Nf6 3 g3 c6} 11. Bg5 Re8 12. Bxf6 (12. dxe4 dxe4 13. Qxd8 Bxd8 14. Nc5 Nbd7 15. Nxb7 Be7 16. Bf4 Nb6 17. Nb5 Nbd5 18. N7d6 {1-0 (34) Howell,D (2670)-Javakhishvili,L (2486) Caleta 2015}) 12... Qxf6 {White is better.} 13. Nxd5 Qxb2 14. dxe4 Bg4 15. Bf3 $146 ({Predecessor:} 15. Re1 Nc6 16. Nxb6 axb6 17. Qc1 Rxa2 18. Rxa2 Qxa2 {½-½ (62) Niemann,L (1303)-Winterberg,J (1473) Willingen 2016}) 15... Bh3 16. Qc1 Qe5 17. Rd1 Nc6 18. Qf4 Be6 19. Rac1 f6 20. Nc5 Nd4 (20... Bxc5 $16 21. Rxc5 Qxf4 22. gxf4 Rac8) 21. Qxe5 $18 ({Much less strong is} 21. Nxb7 $6 Bxd5 22. Qxe5 (22. exd5 Qxf4 23. gxf4 Nxe2+ 24. Bxe2 Rxe2 $16) 22... Rxe5 $16) 21... fxe5 22. Nxb7 Rf8 23. Nc5 Bxd5 24. exd5 {[#] Hoping for Bg4.} Rac8 (24... Rxf3 $16 {was necessary.} 25. exf3 Ne2+ 26. Kg2 Nxc1) 25. Nd7 $1 {[%csl LRe5,LRf8]} Rxc1 26. Rxc1 e4 $2 (26... Rd8 {was worth a try.}) 27. Bg4 Rd8 {With the idea ...Rxd7.} 28. Rc4 h5 29. Nxb6 hxg4 30. Rxd4 axb6 31. e3 {Precision: White = 74%, Black = 22%.} 1-0

[Event "Tata Steel India 2018-Rapid"]
[Site "Kolkata"]
[Date "2018.11.09"]
[Round "3"]
[White "Anand, Viswanathan"]
[Black "Aronian, Levon"]
[Result "1/2-1/2"]
[WhiteElo "2773"]
[BlackElo "2765"]
[Annotator "TA"]
[PlyCount "76"]
[EventDate "2018.11.09"]
[EventType "tourn"]
[EventCountry "IND"]
[SourceTitle "playchess.com"]
[Source "ChessBase"]
[SourceQuality "1"]

{[%evp 24,76,27,10,19,3,44,40,35,39,36,10,21,14,31,13,24,9,13,16,8,6,16,0,0,0,0,0,0,0,0,0,-3,-6,0,-12,-7,-8,0,-35,0,0,0,-4,0,0,0,0,0,0,0,-8,0,0,0]} 1. e4 e5 2. Nf3 Nc6 3. Bb5 Nf6 4. O-O Nxe4 5. Re1 Nd6 6. Nxe5 Be7 7. Bf1 Nxe5 8. Rxe5 O-O 9. d4 Ne8 {C67: Ruy Lopez: Berlin Defence: 4 0-0 Nxe4} (9... Bf6 10. Re1 Re8 11. c3 Rxe1 12. Qxe1 Ne8 13. d5 c6 14. Nd2 cxd5 15. Nf3 d6 16. Be3 Nc7 17. Qd2 Bd7 18. g3 {½-½ (32) Giri,A (2780)-Caruana,F (2827) Batumi 2018}) 10. c4 (10. Nc3 Bf6 11. Re1 d5 12. Ne2 c6 13. c3 g6 14. Nf4 Ng7 15. g3 Bf5 16. Ng2 Qb6 17. Ne3 {½-½ (31) Anand,V (2768)-Aronian,L (2767) Saint Louis 2018}) 10... Bf6 11. Re1 d5 12. cxd5 Qxd5 13. Be3 {LiveBook: 4 Games} Qd8 14. Nc3 Bg5 $146 ({Predecessor:} 14... c6 15. d5 Bxc3 16. bxc3 Nf6 17. dxc6 bxc6 {1-0 (45) Meier,G (2450)-Ragger,M (2456) Budapest 2006}) 15. Bxg5 Qxg5 16. Re5 Qd8 17. Qd2 Nf6 18. Bc4 Ng4 19. Re2 Qd6 20. g3 Nf6 21. Rae1 Bd7 22. Re5 Rad8 23. Ne4 Nxe4 24. R1xe4 Bc6 25. d5 Bd7 26. Qc3 a6 27. Bb3 Rfe8 28. h4 (28. Bc2 {is interesting.} Rxe5 29. Rxe5 a5 30. Re3 b6 31. a3) 28... Rxe5 29. Qxe5 Qxe5 30. Rxe5 $11 {[%mdl 4096] Endgame KRB-KRB} Kf8 31. f4 f6 32. Re3 {The position is equal.} Be8 33. Rc3 c6 34. dxc6 Bxc6 35. Bc2 Rd2 36. b4 h6 37. Kf1 Ke7 38. Ke1 Rh2 {Precision: White = 64%, Black = 54%.} 1/2-1/2

[Event "Tata Steel India 2018-Rapid"]
[Site "Kolkata"]
[Date "2018.11.09"]
[Round "3"]
[White "So, Wesley"]
[Black "Karjakin, Sergey"]
[Result "1/2-1/2"]
[WhiteElo "2765"]
[BlackElo "2753"]
[Annotator "TA"]
[PlyCount "121"]
[EventDate "2018.11.09"]
[EventType "tourn"]
[EventCountry "IND"]
[SourceTitle "playchess.com"]
[Source "ChessBase"]
[SourceQuality "1"]

{[%evp 12,121,28,2,11,8,11,4,8,18,19,19,14,5,22,0,0,-24,10,0,-3,-29,-23,-22,-22,-22,-22,-31,-31,-31,-24,-24,-26,-32,0,-2,0,-3,-3,-34,-24,-68,-62,-75,-65,-65,-56,-52,-14,-16,-8,-8,-2,-68,-68,-67,-68,-52,-13,-18,-18,-45,0,0,0,0,17,14,31,39,56,0,25,0,0,0,0,0,0,0,0,0,0,0,6,6,8,6,8,8,8,0,0,0,0,0,0,0,0,0,0,0,0,0,0,0,0,0,0,-8,-8,-8]} 1. e4 e5 2. Nf3 Nc6 3. Bb5 Nf6 4. d3 Bc5 5. Bxc6 dxc6 6. O-O {C65: Spanische Partie (Berliner-Verteidigung)} (6. Nbd2 Be6 7. O-O Bd6 8. b3 O-O 9. Nc4 Bxc4 10. bxc4 Nd7 11. g3 b5 12. cxb5 cxb5 13. a4 a6 {½-½ (38) Giri,A (2782)-Aronian,L (2767) chess.com INT 2018}) 6... Qe7 7. Bg5 {LiveBook: 3 Partien} h6 8. Bh4 Bg4 9. h3 Bxf3 10. Qxf3 g5 11. Bg3 O-O-O 12. Nd2 Nd7 13. Qf5 $146 ({Vorgänger:} 13. Nc4 f6 {1-0 (48) Hess,R (2595)-Finegold,B (2493) ICC INT 2012}) 13... f6 14. Nc4 Qh7 15. Ne3 h5 {[%cal Bh6h5,Bh5h4][%mdl 32]} 16. Rad1 h4 17. Bh2 Qxf5 18. Nxf5 Nf8 19. c3 Ne6 20. Rd2 Rd7 21. Rfd1 Rhd8 22. Kf1 Bf8 23. Ke2 c5 24. Ne3 b5 {[%cal Bb7b5,Bb5b4][%mdl 32]} 25. b3 c6 26. Kf3 b4 27. c4 Rh7 28. Kg4 Kd7 29. Nf5 Ke8 30. g3 {[%cal Rg3h4]} Bd6 31. gxh4 gxh4 32. Rg1 (32. Kf3 $11) 32... Bc7 $15 33. Kf3 Ng5+ 34. Ke2 Nxh3 35. Rg4 Kf7 36. Nxh4 Rg8 37. Rxg8 Kxg8 38. Nf3 Ng5 (38... Kf7 {seems wilder.} 39. a3 bxa3 40. Ra2 a5 41. Rxa3 Rh8) 39. Nxg5 fxg5 $11 {[%mdl 4096] Endspiel KTL-KTL} 40. Bg3 g4 41. a3 ({Lieber} 41. f3 $14) 41... a5 42. Ra2 Rh1 {Die Stellung ist ausgeglichen.} 43. axb4 cxb4 {und nun wäre ...Tb1 stark für Schwarz.} 44. d4 Rb1 45. Bxe5 Bxe5 46. dxe5 Rxb3 {[#] ...Ta3 ist eine echte Drohung.} 47. Rxa5 {KT-KT} Ra3 48. Rc5 Ra6 49. e6 {Weiss will Tf5 spielen.} Kf8 50. Kd3 Ra2 51. Rg5 Rxf2 {[#] Droht stark ...Tg2.} 52. Rxg4 b3 53. Rg1 Ke7 54. Rb1 b2 55. Kc3 Kxe6 56. Rxb2 Rxb2 57. Kxb2 {KBB-KB} Ke5 58. c5 Kxe4 59. Kc3 Kd5 60. Kd3 Kxc5 {( -> ...Kb4)} 61. Kc3 {Precision: Weiß = 57%, Schwarz = 59%.} 1/2-1/2

[Event "Tata Steel India 2018-Rapid"]
[Site "Kolkata"]
[Date "2018.11.09"]
[Round "3"]
[White "Nakamura, Hikaru"]
[Black "Harikrishna, Pentala"]
[Result "1/2-1/2"]
[WhiteElo "2746"]
[BlackElo "2729"]
[Annotator "TA RC"]
[PlyCount "75"]
[EventDate "2018.11.09"]
[EventType "tourn"]
[EventCountry "IND"]
[SourceTitle "playchess.com"]
[Source "ChessBase"]
[SourceQuality "1"]

{[%evp 14,75,-1,-24,10,0,0,-8,0,0,0,0,10,-14,0,0,25,0,0,0,0,0,4,-33,-31,-51,-47,-40,-53,-41,-51,-49,-49,-48,0,0,0,-7,0,0,0,0,0,-8,-8,-27,-24,-41,0,-23,-20,-30,0,-53,-17,-40,-26,-26,0,-39,0,-28,0,-37]} 1. Nf3 d5 2. g3 Nf6 3. Bg2 e6 4. O-O Be7 5. d3 O-O 6. Nbd2 a5 {A07: Réti Opening: New York and Capablanca Systems} (6... c5 7. e4 Nc6 8. Re1 Qc7 9. e5 Nd7 10. Qe2 b5 11. Nf1 Bb7 12. Bf4 Rfc8 13. Ne3 Qd8 14. h4 h6 15. c3 b4 16. c4 Nb6 17. Rad1 Rc7 18. Ng4 Qf8 19. Qe3 Nd4 20. Nxd4 cxd4 {0-1 (44) Svidler,P (2760)-Kramnik,V (2800) Moscow 2018}) 7. e4 a4 8. a3 {LiveBook: 17 Games} Nc6 {Black has an edge.} 9. e5 Nd7 10. Re1 f6 11. exf6 Bxf6 12. Nf1 e5 13. h4 $146 ({Predecessor:} 13. Rb1 Nc5 14. Be3 {1-0 (47) Karthikeyan,M (2605)-Lodici,L (2458) Manavgat 2018}) 13... Nc5 {[%cal Bd7c5,Bc5e6,Be6d4,Bd4b3][%mdl 32]} 14. Be3 Ne6 15. N3h2 Ned4 16. Nd2 Kh8 17. c4 dxc4 18. dxc4 Bf5 19. Ne4 Nb3 20. Qxd8 Raxd8 21. Rad1 Ncd4 22. g4 Bxe4 23. Bxe4 Nc5 24. g5 Be7 {Threatens to win with ...Ne2+!} ({But not} 24... Nxe4 25. Bxd4 Rxd4 26. Rxd4 $16) 25. Bb1 $132 {[%mdl 2048] [#] Bxd4 is the strong threat. White is fighting back} Bd6 26. Kg2 Nce6 27. Ng4 Nf4+ 28. Bxf4 Rxf4 29. Re4 {[#] Black must now prevent Rxf4.} Rdf8 30. Bd3 h5 31. gxh6 gxh6 32. h5 c6 33. Rde1 (33. Bb1 $11) 33... Nf3 34. R1e2 R4f5 35. R4e3 $1 Rf4 (35... Rg5 $5 {[%cal Rg5g4]} 36. Rxf3 Rxg4+ 37. Rg3 Rh4 $15) 36. Re4 $1 R4f5 37. R4e3 $1 Rf4 (37... Rg5 $5 {[%cal Rg5g4]} 38. Rxf3 Rxg4+ 39. Rg3 Rff4 $15) 38. Re4 $1 {Precision: White = 60%, Black = 49%.} 1/2-1/2

[Event "Tata Steel India 2018-Rapid"]
[Site "Kolkata"]
[Date "2018.11.09"]
[Round "3"]
[White "Nihal Sarin"]
[Black "Vidit, Santosh Gujrathi"]
[Result "1/2-1/2"]
[WhiteElo "2576"]
[BlackElo "2702"]
[Annotator "TA"]
[PlyCount "58"]
[EventDate "2018.11.09"]
[EventType "tourn"]
[EventCountry "IND"]
[SourceTitle "playchess.com"]
[Source "ChessBase"]
[SourceQuality "1"]

{[%evp 20,58,10,10,10,10,10,15,24,18,25,20,14,14,10,12,11,10,13,9,30,28,44,45,44,37,37,39,33,18,27,0,0,0,7,0,0,0,0,0,0]} 1. e4 e5 2. Nf3 Nc6 3. Nc3 Nf6 4. d4 exd4 5. Nxd4 Bb4 6. Nxc6 bxc6 7. Bd3 d5 8. exd5 O-O {C47: Scotch Four Knights and Four Knights with 4 g3} (8... cxd5 9. O-O O-O 10. h3 c6 11. Qf3 Bd6 12. Bf4 Be6 13. Rfe1 Bxf4 14. Qxf4 Qb8 15. Qxb8 Raxb8 16. Na4 Nd7 17. b3 c5 {½-½ (35) Nakamura,H (2777)-So,W (2780) Saint Louis 2018}) 9. O-O Bg4 10. f3 Bh5 11. Bg5 {LiveBook: 6 Games} cxd5 12. Bxf6 Qxf6 13. Nxd5 Qxb2 14. Rb1 $146 ({Predecessor:} 14. Kh1 Bd6 15. Qd2 Rab8 16. Rae1 Qxa2 {½-½ (31) Kabanov,N (2484)-Lysyj,I (2631) Cheliabinsk 2018}) 14... Bc5+ 15. Kh1 Qe5 $1 16. f4 Bxd1 17. fxe5 Bg4 18. Rf4 Be6 19. Nxc7 Rab8 20. Ra1 Bb6 21. Nxe6 fxe6 22. Rxf8+ Rxf8 $14 {[%mdl 4096] Endgame KRB-KRB} 23. Bc4 Kf7 24. Rd1 Rd8 25. Rf1+ (25. Rd6 {feels hotter.} Re8 26. a4 Bc5 27. Ra6 Re7 28. g4) 25... Ke7 {The position is equal.} 26. Bd3 h6 27. g3 Bc7 28. Bg6 {[#] Black must now prevent Rf7+.} Rf8 29. Rxf8 Kxf8 {Precision: White = 76%, Black = 50%.} 1/2-1/2

[Event "Tata Steel India 2018-Rapid"]
[Site "Kolkata"]
[Date "2018.11.10"]
[Round "4"]
[White "Mamedyarov, Shakhriyar"]
[Black "Nakamura, Hikaru"]
[Result "0-1"]
[WhiteElo "2817"]
[BlackElo "2746"]
[Annotator "TA"]
[PlyCount "88"]
[EventDate "2018.11.09"]
[EventType "tourn"]
[EventCountry "IND"]
[SourceTitle "playchess.com"]
[Source "ChessBase"]
[SourceQuality "1"]

{[%evp 19,88,17,22,5,5,13,8,0,0,0,0,-12,-12,-12,-12,-12,-11,-13,-14,-6,-6,-14,-9,-14,0,-10,0,0,0,0,0,0,11,-40,-43,-39,-25,-31,0,-21,-19,-23,-8,-30,0,-272,-26,-169,-214,-267,-270,-252,-219,-196,-152,-346,-342,-375,-348,-363,-354,-432,-426,-498,-498,-495,-493,-471,-470,-489,-476]} 1. d4 Nf6 2. c4 e6 3. Nf3 d5 4. Nc3 Be7 5. Bf4 O-O 6. e3 b6 7. Be2 dxc4 {D37: Queen's Gambit Declined: 5 Bf4} 8. Bxc4 Ba6 9. Qe2 Bxc4 10. Qxc4 c5 {LiveBook: 7 Games} 11. O-O (11. dxc5 bxc5 12. O-O Nc6 13. Rac1 Rc8 14. Ne5 Qb6 15. Nxc6 Rxc6 {1-0 (97) Carlsen,M (2842)-Nakamura,H (2777) Saint Louis 2018}) 11... cxd4 $146 ({Predecessor:} 11... Nc6 12. Rad1 Rc8 13. dxc5 Qe8 14. cxb6 axb6 {1-0 (53) De Ron,P-Van Zon,T Haarlem 1994}) 12. Nxd4 Qc8 13. Qxc8 Rxc8 14. Rac1 Nbd7 15. Ncb5 {Threatens to win with Nc7.} e5 {White must now prevent ...Bc5.} 16. Nf5 Bf8 17. Bg5 h6 18. Bh4 Rxc1 19. Rxc1 a6 20. Nc3 Rc8 21. Rd1 b5 22. h3 g6 23. Nd6 Rc6 24. Ne8 g5 25. Bg3 b4 26. Na4 (26. Nxf6+ $11 Nxf6 27. Ne2) 26... Nxe8 $15 27. Rxd7 Bd6 28. e4 Bc7 {Strongly threatening ...Nf6.} 29. f3 Rc1+ 30. Kh2 $1 Ra1 31. Nc5 Bb6 32. Nd3 $2 {[%mdl 8192]} ({But not} 32. Nxa6 $2 Bg1+ 33. Kh1 Nf6 $19) (32. Bf2 $1 $11 Rxa2 33. Rb7 Rxb2 34. Rxb6 Rxf2 35. Rb8) 32... Bg1+ 33. Kh1 {[#]} f6 $1 34. Ne1 {[#]} Bd4 $1 35. Kh2 Ng7 ({And not} 35... Bxb2 36. Nc2 $11) 36. h4 Rxa2 37. Nc2 $2 (37. Nd3 $17) 37... Bc5 $19 ({Don't do} 37... Rxb2 38. Rd8+ Kf7 39. Nxd4 $19) 38. Ne1 Rxb2 39. Nd3 Rc2 40. Rb7 a5 {Black is clearly winning.} 41. Rb5 Bd4 42. Rxa5 b3 {[%cal Bb4b3,Bb3b2][%mdl 32]} 43. Rb5 b2 44. Kh3 Rd2 {Precision: White = 45%, Black = 81%.} 0-1

[Event "Tata Steel India 2018-Rapid"]
[Site "Kolkata"]
[Date "2018.11.10"]
[Round "4"]
[White "Aronian, Levon"]
[Black "So, Wesley"]
[Result "1-0"]
[WhiteElo "2765"]
[BlackElo "2765"]
[Annotator "TA"]
[PlyCount "83"]
[EventDate "2018.11.09"]
[EventType "tourn"]
[EventCountry "IND"]
[SourceTitle "playchess.com"]
[Source "ChessBase"]
[SourceQuality "1"]

{[%evp 9,83,6,5,5,2,8,10,8,5,10,21,15,27,34,38,43,30,20,27,22,55,57,35,17,58,67,75,66,62,50,55,39,37,46,52,53,62,45,83,51,104,87,125,129,705,34,34,41,32,0,0,0,0,-25,-33,-35,-33,-25,-29,-29,-31,-32,22,30,95,95,419,420,362,307,562,562,748,748,748,741]} 1. Nf3 d5 2. e3 Nf6 3. c4 e6 4. Nc3 dxc4 5. Bxc4 a6 {LiveBook: 23 Partien} 6. Be2 $146 {A17: Englische Eröffnung} ({Vorgänger:} 6. O-O b5 7. Bb3 Bb7 8. d4 Nbd7 9. Qe2 c5 10. Rd1 Qb8 11. e4 cxd4 12. Nxd4 Bd6 13. g3 O-O 14. f3 Rc8 15. Be3 Nf8 16. Rac1 h5 17. Qd2 Rd8 18. Nce2 h4 19. Bg5 hxg3 20. Bxf6 gxf6 21. Qh6 {1-0 (31) Svidler,P (2756)-Shankland,S (2722) Hoogeveen 2018}) 6... c5 7. O-O Nc6 8. d4 {Die Stellung ist ausgeglichen.} cxd4 9. exd4 Be7 10. Be3 b5 11. Ne5 Bd7 12. Bf3 Rc8 13. a4 b4 14. Ne2 O-O 15. Qd3 (15. Nxd7 $6 Qxd7 16. Re1 Rfd8 $11) 15... a5 16. Rfc1 {[%cal Rf3c6]} Nb8 17. b3 Rxc1+ 18. Rxc1 Bc8 19. Nf4 Bd6 20. Nc4 Ba6 21. Qd2 $36 {[%mdl 2048] Schwarz steht unter Druck.} Bc7 22. d5 Bxc4 23. Rxc4 e5 24. d6 Bxd6 (24... Qxd6 $14 25. Nd5 e4 26. Nxf6+ (26. Nxc7 Qxd2 27. Bxd2 exf3 $11) 26... Qxf6) 25. Nd5 $16 {Droht Lb6 und aus.} Nbd7 26. Rc6 Be7 $2 {[%mdl 8192] [#]} (26... Nxd5 $16 27. Rxd6 (27. Bxd5 Be7 $14) 27... N5f6) 27. Nxf6+ $2 (27. Rc8 $1 $18 {[%mdl 512]}) 27... Nxf6 $14 28. Qxd8 Rxd8 29. Bb6 Rd3 30. Rc8+ Bf8 31. h3 (31. Kf1 {is interesting.} e4 32. Be2 Rxb3 33. Bc4 Rb1+ 34. Ke2) 31... Rxb3 32. Bxa5 Rb1+ 33. Kh2 e4 34. Be2 g5 35. Bb6 {[#] zielt auf Ld4 ab.} Kg7 (35... Nd7 $15 36. Bd4 b3) 36. Bd4 $11 {Droht stark Tc6.} Bd6+ (36... b3 $1 $11 {hält das Gleichgewicht.} 37. Rc6 Be7) 37. g3 $16 {[%mdl 1024] Und weiter mit a5 wäre nett. Weiss hat starke Kompensation.} Re1 $2 {[%mdl 8192]} (37... b3 $16 {ist zäher.} 38. Rc6 Be7) 38. Rc6 Be7 39. Bc4 Rc1 $2 (39... Rd1 {ist eine bessere Verteidigung.}) 40. a5 $18 {[%cal Ba4a5,Ba5a6,Ba6a7][%mdl 32] Weiß steht klar auf Gewinn.} b3 {und wenn ...e3! ginge, stände Schwarz gut.} 41. a6 {Und a7 würde nun gewinnen.} e3 42. a7 {Precision: Weiß = 74%, Schwarz = 41%.} 1-0

[Event "Tata Steel India 2018-Rapid"]
[Site "Kolkata"]
[Date "2018.11.10"]
[Round "4"]
[White "Harikrishna, Pentala"]
[Black "Nihal Sarin"]
[Result "1/2-1/2"]
[WhiteElo "2729"]
[BlackElo "2576"]
[Annotator "TA"]
[PlyCount "101"]
[EventDate "2018.11.09"]
[EventType "tourn"]
[EventCountry "IND"]
[SourceTitle "playchess.com"]
[Source "ChessBase"]
[SourceQuality "1"]

{[%evp 25,101,56,49,29,25,5,28,21,45,7,2,12,12,0,0,0,18,14,15,30,18,12,30,9,30,14,6,7,11,11,10,8,10,0,0,0,0,0,0,0,0,-6,-6,-150,0,0,0,0,0,0,0,0,0,0,0,-6,0,0,0,0,0,0,0,0,7,0,0,0,0,0,7,0,0,0,0,0,0,-7]} 1. e4 e5 2. Nf3 Nc6 3. Bb5 f5 4. d3 fxe4 5. dxe4 Nf6 6. O-O Bc5 7. Bxc6 bxc6 8. Nxe5 O-O 9. Nc3 d6 {C63: Spanische Partie (Jänisch-Gambit)} 10. Na4 Qe8 11. Nd3 Bg4 12. Qe1 Bd4 13. c3 {[%cal Bc2c3,Bc3c4,Bc4b5,Bb5c6][%mdl 32]} Bb6 $1 {LiveBook: 7 Partien} 14. Nxb6 axb6 15. c4 Be6 16. b3 b5 {[#]} 17. cxb5 $146 ({Vorgänger:} 17. e5) 17... Bxb3 $1 {[#] zielt auf ...Lc4 ab.} 18. Qc3 Ba4 19. bxc6 Qxe4 20. Nb4 Rab8 21. Bd2 Nd5 22. Nxd5 Qxd5 23. Rfc1 Bxc6 {[%csl Gc6][%cal Rd5g2] [#]} 24. Qc4 Rf7 {[%csl Gc6][%cal Rd5g2]} 25. Qxd5 Bxd5 26. a4 Ra8 27. a5 Ra6 28. Rab1 {Schwarz muss nun Tb8+ beachten.} c5 29. Rd1 Rb7 30. Rbc1 Be6 31. h4 Kf7 32. Bf4 Rd7 33. Rc3 Rxa5 {Weiss sollte ...d5 verhindern.} 34. Bxd6 (34. Rxd6 $11 {hält das Gleichgewicht.} Rxd6 35. Bxd6) 34... c4 (34... Ra6 $17 {Und ...c4 würde nun gewinnen.} 35. Rf3+ Kg6 36. Rg3+ Kh5) 35. Rd4 $11 {Die Stellung ist ausgeglichen.} Rd5 36. Rf3+ Rf5 {Schwarz will ...Txf3 spielen.} 37. Ra3 Rd5 38. Rxd5 Bxd5 {[%mdl 4096] Endspiel KTL-KTL} 39. Be5 g6 40. Ra6 Be6 41. f3 h5 42. Kf2 Rd5 43. Bc3 Rd3 44. Ra7+ Rd7 45. Ra6 Rd3 46. Be5 Rd5 47. Ra7+ Rd7 48. Ra8 Rd5 49. Bh8 Rd2+ 50. Kg3 Bf5 51. Ra7+ {Precision: Weiß = 48%, Schwarz = 72%.} 1/2-1/2